00318nam a2200109Ia 4500008004100000100005400041245005200095260002700147300000900174942000800183999001700191190216s9999||||xx |||||||||||||| ||und|| aVarghese K M. Sebastian Kunje Antony Eapen 0aStudent Guide To Mbbs/Engg Entrance Examination bVas Publicationsc1998 a849p cREF c36495d36495